000 00991nas a2200325 4500
001 BR9802533
003 BR-BrBNA
005 20231205100746.0
007 ta
008 230509b bl.|||p| |||| 00| 00por d
040 _aBR-BrBNA
_bpor
_cBiblioteca Nacional de Agricultura
041 _a(Pt)
072 _aF30
100 1 _aSoares Filho, W. dos S.
100 1 _aAraujo, J.E.V.
100 1 _aCunha, M.A.P. da
100 1 _aCunha Sobrinho, A.P. da
100 1 _aPassos, O.S.
111 1 _a11. Congresso Brasileiro de Fruticultura
_cCruz das Almas, BA (Brazil)
_d1991
245 1 _aVariabilidade genetica em "limao 'cravo'"
650 _aLimao Cravo
650 _aGenetica Vegetal
650 _aVariedade
650 _aHibridacao
650 _aCruzamento Vegetal
650 _aBahia
773 0 _tRevista Brasileira de Fruticultura (Brazil)
_xISSN 0100-2945
_g(Oct 1991), v. 13(3) p. 267-272
_wBR9802533
909 _a202311
_bLúcia
_c55
_dLúcia Elande
942 _2AGRIS
_n0
_cANA
999 _c157910
_d157910